| 000 | 00834nam a2200241 a 4500 | ||
|---|---|---|---|
| 001 | BRCA_4846 | ||
| 005 | 20190320204829.0 | ||
| 008 | 910228s1987 mx-a#####c---#000-0#spa-c | ||
| 020 | _a9687037318 | ||
| 041 | _aspa | ||
| 044 | _amx | ||
| 050 | 4 |
_aN910 _b.R63 1987 |
|
| 100 | 1 |
_aRodríguez, Antonio _94979 |
|
| 245 | 1 | 0 |
_aMuseo iconográfico del Quijote _cAntonio Rodríguez. |
| 260 |
_aMéxico _bFundación Cervantina Eulalio Ferrer _c1987 |
||
| 300 |
_a103 p. _bil. a color _c25 cm. |
||
| 500 | _a2do. ejemplar en el Área de Investigación. Donación Dr. Héctor Rivero Borrell Vázquez | ||
| 600 | 1 | 4 |
_aCervantes Saavedra, Miguel de _d1547-1616 _xPersonajes _912271 |
| 650 | 1 | 4 |
_aDon Quijote (Personaje literario) en el arte _xPersonajes _912272 |
| 650 | 1 | 4 |
_aArte _vCatálogos _zMéxico _912273 |
| 902 | _aCERV | ||
| 942 |
_2lcc _cB |
||
| 999 |
_c4540 _d4540 |
||